000 00312nam a22001217a 4500
008 160519b xxu||||| |||| 00| 0 eng d
020 _a9781588299741
020 _a9781588299741
041 _aeng
080 _a616
245 _aMolecular genetic pathology:
_cLiang Cheng MD; David Y. Zhang MD;
942 _2udc
_cBK
999 _c2252
_d2252